| 000 | 01001nam a22003017a 4500 | ||
|---|---|---|---|
| 005 | 20101214120029.0 | ||
| 008 | 101214t xxu||||| |||| 00| 0 eng d | ||
| 010 | _aENG-101802 | ||
| 020 |
_a9788120342200 _c225.00 |
||
| 035 | _aEN-85335 | ||
| 037 | _bDBAD/PUB | ||
| 040 |
_aDPL _bEng |
||
| 082 | _a658.15 | ||
| 100 |
_aDas, Subhash Chandra _921837 |
||
| 245 |
_aManagement control systems : _cby Subhash Chandra Das _bprinciples and practices / |
||
| 250 | _a | ||
| 260 |
_aNew Delhi _bPHI Learning _c2011 |
||
| 270 |
_aM-97, Connaught Circus _bNew Delhi _e110001 |
||
| 300 |
_axxiv,279p. : _c24cm (pbk) _bill |
||
| 500 | _aIncludes bibliographical references and index | ||
| 650 | _921838 | ||
| 650 | _921839 | ||
| 650 | _921840 | ||
| 650 | _924763 | ||
| 700 | _921841 | ||
| 942 |
_2ddc _cEN _mDAS _h658.15 |
||
| 999 |
_c49148 _d49148 |
||